[Event "Groningen"]
[Site "?"]
[Date "1996.??.??"]
[Round "?"]
[White "Korchnoi, V."]
[Black "Short, N."]
[Result "0-1"]
[WhiteElo "2635"]
[BlackElo "2695"]
[PlyCount "76"]
[EventDate "1996.??.??"]
[Source "ChessBase"]
[SourceDate "1996.10.01"]

1. Nf3 d5 2. b3 c5 3. e3 Nf6 4. Bb2 e6 5. c4 dxc4 6. bxc4 Be7 7. Be2 O-O 8. Qc2 Nc6 9. a3 Re8 10. O-O b6 11. Nc3 Bb7 12. Ng5 h6 13. Nh3 Qd7 14. f4 Red8 15. d3 a6 16. Rad1 Rab8 17. Nf2 Ba8 18. Nce4 Ne8 19. d4 cxd4 20. exd4 Rbc8 21. d5 Na5 22. d6 Bf8 23. Bd4 Nxc4 24. Bxc4 b5 25. Nc5 Qc6 26. Ng4 Rxd6 27. Ne5 Rxd4 28. Bxe6 Bxc5 29. Bxf7+ Kf8 30. Kh1 Qe4 31. Qxe4 Bxe4 32. Be6 Rcd8 33. f5 Nf6 34. Rc1 Bb6 35. Ng6+ Ke8 36. Rfe1 Ba5 37. Rg1 Rd2 38. Ne5 Bb6 0-1

[Event "Amber-blind 7th"]
[Site "Monte Carlo"]
[Date "1998.03.20"]
[Round "7"]
[White "Ljubojevic, Ljubomir"]
[Black "Sadler, Matthew"]
[Result "1-0"]
[WhiteElo "2565"]
[BlackElo "2650"]
[PlyCount "109"]
[EventDate "1998.03.13"]
[Source "ChessBase"]
[SourceDate "1998.04.29"]

1. Nf3 d5 2. b3 c5 3. e3 a6 4. Ba3 Nd7 5. Bb2 Ngf6 6. c4 e6 7. Be2 Bd6 8. O-O O-O 9. Qc2 b6 10. cxd5 Nxd5 11. a3 Bb7 12. d3 Rc8 13. Nbd2 Qe7 14. Rfe1 Bb8 15. Bf1 Rfe8 16. Rad1 Kh8 17. Qb1 Bc7 18. Qa1 Kg8 19. Bxg7 f6 20. Bh6 Qf7 21. e4 Nf4 22. g3 Qg6 23. Bxf4 Bxf4 24. Bg2 Bb8 25. b4 Ne5 26. Qb1 Nxf3+ 27. Nxf3 Qg7 28. bxc5 bxc5 29. Qa2 Bd6 30. Nd2 Bf8 31. Nc4 Rcd8 32. Qe2 Bc6 33. e5 Bxg2 34. Kxg2 f5 35. Rb1 Rb8 36. Qf3 Qc7 37. Qh5 Red8 38. Qg5+ Bg7 39. Nd6 Kh8 40. f4 Rf8 41. Qh5 Qd7 42. Kh3 a5 43. Rec1 Qc6 44. Rxb8 Rxb8 45. Nf7+ Kg8 46. Ng5 Rb2 47. Rg1 h6 48. Qf7+ Kh8 49. Qxe6 Qa8 50. Nf7+ Kh7 51. Qxf5+ Kg8 52. e6 Qf3 53. Nxh6+ Bxh6 54. Qg6+ Bg7 55. e7 1-0

[Event "Kings Island"]
[Site "?"]
[Date "1993.??.??"]
[Round "?"]
[White "Yermolinsky, A."]
[Black "Shabalov, A."]
[Result "1/2-1/2"]
[WhiteElo "2615"]
[BlackElo "2575"]
[PlyCount "56"]
[EventDate "1993.??.??"]
[Source "ChessBase"]
[SourceDate "1993.06.01"]

1. Nf3 d5 2. b3 Bg4 3. Bb2 Nd7 4. d4 e6 5. Nbd2 f5 6. e3 Bd6 7. c4 c6 8. Qc1 Qe7 9. Ne5 Ngf6 10. f3 Bh5 11. Bd3 O-O 12. O-O Rac8 13. c5 Bxe5 14. dxe5 Qxc5 15. Bd4 Qxc1 16. Rfxc1 Ne8 17. f4 a5 18. a3 Nc7 19. b4 Na6 20. Kf2 Ra8 21. bxa5 Rfc8 22. Rab1 c5 23. Rxb7 c4 24. Rxd7 cxd3 25. Rxc8+ Rxc8 26. Rb7 Rc2 27. Ke1 Rc1+ 28. Kf2 Rc2 1/2-1/2

[Event "Hawaii op"]
[Site "?"]
[Date "1997.??.??"]
[Round "?"]
[White "Blatny Pavel"]
[Black "Yermolinsky Alex"]
[Result "1-0"]
[WhiteElo "2540"]
[BlackElo "2630"]
[PlyCount "95"]
[EventDate "1997.??.??"]
[Source "www.chesslib.no"]
[SourceDate "2004.05.04"]

1. Nf3 d5 2. b3 Bg4 3. e3 Nd7 4. Bb2 c6 5. Be2 Ngf6 6. d3 e6 7. Nbd2 Bd6 8. Nh4 Bxe2 9. Qxe2 Qc7 10. g3 O-O 11. O-O Rfe8 12. e4 e5 13. Rae1 Rad8 14. a3 b5 15. f3 c5 16. exd5 Nxd5 17. c4 bxc4 18. dxc4 N5f6 19. Ne4 g6 20. Rd1 Bf8 21. Rd3 Nxe4 22. fxe4 Nb8 23. Rdf3 Rd7 24. Ng2 Qd8 25. Bc3 Nc6 26. Qf2 Nd4 27. Rxf7 Ne2+ 28. Qxe2 Rxf7 29. Rxf7 Kxf7 30. Ne3 Kg8 31. Nd5 Qd6 32. Kg2 Qc6 33. b4 cxb4 34. axb4 a6 35. b5 axb5 36. cxb5 Qd6 37. Qc4 Kh8 38. b6 Qc5 39. Qa4 Rd8 40. Bxe5+ Bg7 41. Bf4 Qc8 42. Bc7 Rf8 43. h3 Qe6 44. Nf4 Qe7 45. h4 g5 46. hxg5 Qxg5 47. b7 Be5 48. Qa8 1-0

[Event "Catalunya-chT"]
[Site "?"]
[Date "1999.??.??"]
[Round "8"]
[White "Comas Fabrego Luis"]
[Black "Korneev Oleg"]
[Result "1/2-1/2"]
[WhiteElo "2560"]
[BlackElo "2605"]
[PlyCount "38"]
[EventDate "1999.??.??"]
[Source "www.chesslib.no"]
[SourceDate "2004.05.04"]

1. Nf3 d5 2. b3 Bg4 3. Bb2 Nd7 4. e3 e5 5. h3 Bxf3 6. Qxf3 c6 7. c4 Ngf6 8. cxd5 Nxd5 9. Bc4 N5f6 10. Nc3 Bb4 11. a3 Bxc3 12. Bxc3 O-O 13. O-O Re8 14. Rfd1 Nb6 15. Bf1 Nbd5 16. Bb2 Qe7 17. d3 h6 18. Qe2 Rad8 19. Rac1 Nh7 1/2-1/2

[Event "URS-ch55 Moscow ,URS"]
[Site "?"]
[Date "1988.??.??"]
[Round "?"]
[White "Smyslov, Vassily V"]
[Black "Ehlvest, Jaan"]
[Result "1-0"]
[WhiteElo "2550"]
[BlackElo "2585"]
[PlyCount "99"]
[EventDate "1988.??.??"]
[Source "www.chesslib.no"]
[SourceDate "2004.05.04"]

1. Nf3 d5 2. b3 Bg4 3. Bb2 Nd7 4. d4 Bxf3 5. exf3 e6 6. f4 Bd6 7. g3 Qe7 8. Bg2 c6 9. c4 Nh6 10. O-O O-O 11. Re1 Nf6 12. c5 Bc7 13. Nd2 Nf5 14. b4 h5 15. Bh3 g6 16. Nf3 Kg7 17. Ne5 Rh8 18. a4 Nd7 19. b5 Nxe5 20. fxe5 f6 21. exf6+ Qxf6 22. Ra3 Rae8 23. Rb3 Re7 24. Qd2 g5 25. Bxf5 Qxf5 26. Bc1 Kg6 27. Rbe3 Rg8 28. Re5 Bxe5 29. Rxe5 Qb1 30. Rxg5+ Kh7 31. Rxh5+ Kg7 32. Kg2 Kf8 33. Qf4+ Ke8 34. Rh4 e5 35. dxe5 Rf7 36. Qh6 Rg6 37. Qe3 cxb5 38. axb5 Qxb5 39. e6 Rf8 40. Qe5 Qxc5 41. Be3 Qc6 42. Qb8+ Ke7 43. Rh7+ Kxe6 44. Qxf8 d4+ 45. f3 dxe3 46. Qe7+ Kd5 47. Qe4+ Kc5 48. Rh5+ Kb6 49. Qxe3+ Kc7 50. Rc5 1-0

[Event "1st Pfalz Open"]
[Site "Neustadt a.d. Weinstrasse GER"]
[Date "2008.02.22"]
[Round "8"]
[White "Manolache, M."]
[Black "Khenkin, I."]
[Result "1/2-1/2"]
[WhiteElo "2530"]
[BlackElo "2602"]
[PlyCount "28"]
[EventDate "2008.02.16"]
[Source "www.chesslib.no"]
[SourceDate "2004.05.04"]

1. Nf3 d5 2. b3 Bg4 3. Bb2 Nd7 4. e3 e6 5. Be2 Ngf6 6. Ne5 Bxe2 7. Qxe2 Nxe5 8. Bxe5 Bd6 9. f4 Bxe5 10. fxe5 Nd7 11. d4 c5 12. O-O cxd4 13. exd4 Qb6 14. c3 O-O 1/2-1/2

[Event "BD"]
[Site "?"]
[Date "1995.??.??"]
[Round "?"]
[White "Norwood, David"]
[Black "Polgar, Zsuzsa"]
[Result "1-0"]
[WhiteElo "2545"]
[BlackElo "2545"]
[PlyCount "61"]
[EventDate "1995.??.??"]
[Source "www.chesslib.no"]
[SourceDate "2004.05.04"]

1. Nf3 d5 2. b3 Nf6 3. Bb2 Bf5 4. g3 e6 5. d3 Be7 6. Nbd2 O-O 7. Nh4 Bg4 8. h3 Bh5 9. g4 Nfd7 10. Ng2 Bg6 11. e3 e5 12. Qf3 c6 13. h4 h6 14. Qg3 Re8 15. Be2 Bb4 16. a3 Bxd2+ 17. Kxd2 c5 18. f4 exf4 19. Nxf4 Nf8 20. g5 hxg5 21. hxg5 d4 22. exd4 cxd4 23. Qh2 Bh7 24. g6 fxg6 25. Bf3 Re5 26. Bxb7 Nc6 27. Bxc6 Rc8 28. Qg2 g5 29. Bd5+ Kh8 30. Rxh7+ Kxh7 31. Rh1# 1-0

[Event "VIII Festival Hotel Petra 2007 - Open A"]
[Site "Roma ITA"]
[Date "2007.11.02"]
[Round "6.1"]
[White "Lazic, Miroljub"]
[Black "Korneev, Oleg"]
[Result "1/2-1/2"]
[WhiteElo "2493"]
[BlackElo "2587"]
[PlyCount "22"]
[EventDate "2007.10.29"]
[Source "www.chesslib.no"]
[SourceDate "2004.05.04"]

1. Nf3 d5 2. b3 Bf5 3. Bb2 e6 4. g3 Nf6 5. Bg2 Nbd7 6. O-O h6 7. d3 c6 8. Nbd2 Bh7 9. c4 Bd6 10. e4 dxe4 11. Nxe4 Be7 1/2-1/2

[Event "HUN-chT 0102"]
[Site "?"]
[Date "2002.03.24"]
[Round "9"]
[White "Czebe Attila"]
[Black "Chernin Alexander"]
[Result "1/2-1/2"]
[WhiteElo "2479"]
[BlackElo "2601"]
[PlyCount "53"]
[EventDate "2002.??.??"]
[Source "www.chesslib.no"]
[SourceDate "2004.05.04"]

1. Nf3 d5 2. b3 c5 3. e3 a6 4. Bb2 Nc6 5. d4 cxd4 6. Nxd4 e6 7. Nd2 Nxd4 8. exd4 g6 9. Bd3 Bg7 10. O-O Ne7 11. f4 O-O 12. Nf3 Nc6 13. c3 Qc7 14. Qd2 Bd7 15. Ne5 f6 16. Nxd7 Qxd7 17. Rae1 Rfe8 18. Rf2 f5 19. Ba3 Nd8 20. Rf3 Rc8 21. Kh1 Nf7 22. Ref1 Bf8 23. Bxf8 Kxf8 24. Qe1 Nd6 25. Qe5 Nf7 26. Qe1 Nd6 27. Qe5 1/2-1/2

[Event "ol Final"]
[Site "Nice ol Final"]
[Date "1974.??.??"]
[Round "?"]
[White "Andersson, Ulf"]
[Black "Radulov, Ivan G"]
[Result "1/2-1/2"]
[WhiteElo "2580"]
[BlackElo "2490"]
[PlyCount "30"]
[EventDate "1974.??.??"]
[Source "www.chesslib.no"]
[SourceDate "2004.05.04"]

1. Nf3 d5 2. b3 Nf6 3. Bb2 e6 4. c4 Be7 5. cxd5 exd5 6. e3 O-O 7. Be2 c6 8. O-O Nbd7 9. Nc3 Re8 10. Nd4 Nf8 11. Qc2 Ne6 12. Na4 Nxd4 13. Bxd4 Bd6 14. Qb2 Qe7 15. a3 b5 1/2-1/2

[Event "otb"]
[Site "otb"]
[Date "2007.03.08"]
[Round "8"]
[White "Rotstein Arkadij"]
[Black "Rausis Igors"]
[Result "0-1"]
[WhiteElo "2545"]
[BlackElo "2521"]
[PlyCount "150"]
[Source "www.chesslib.no"]
[SourceDate "2004.05.04"]

1. Nf3 d5 2. b3 Nf6 3. Bb2 g6 4. c4 Bg7 5. cxd5 O-O 6. g3 b6 7. Qc2 Bb7 8. Bg2 Na6 9. O-O Nb4 10. Qc1 Nbxd5 11. d4 Rc8 12. Rd1 c5 13. Qd2 Qc7 14. Na3 Ne4 15. Qe1 Nb4 16. Rdc1 Rfd8 17. Nc4 Bh6 18. dxc5 Qxc5 19. Ba3 a5 20. Nxa5 Qxa5 21. Rxc8 Rxc8 22. Bxb4 Qa8 23. Bxe7 Bg7 24. Rc1 Nc3 25. Rc2 Re8 26. Bb4 Nxa2 27. Bd2 Qa3 28. Rc7 Bd5 29. b4 h6 30. e3 Qb2 31. h4 Bf8 32. Rd7 Bc4 33. h5 gxh5 34. Nd4 Nxb4 35. Bc3 Nd3 36. Bxb2 Nxe1 37. Bc6 Nd3 38. Rc7 Re7 39. Rxe7 Bxe7 40. Bc3 Bf6 41. f4 Nc5 42. Bf3 h4 43. gxh4 Ne6 44. h5 Nxd4 45. exd4 b5 46. Kf2 Be7 47. Ke3 b4 48. Bb2 f5 49. Bc6 Kf7 50. Bd7 Be6 51. Bc6 Ba2 52. Bd7 Be6 53. Bc6 Ba2 54. Bd7 Bb1 55. d5 Bc5+ 56. Bd4 Bxd4+ 57. Kxd4 Ke7 58. Be6 Bc2 59. Ke5 b3 60. d6+ Kd8 61. Kf6 b2 62. Ba2 Kd7 63. Kg6 Kxd6 64. Kxh6 Kc5 65. Kg7 Kb4 66. h6 Ka3 67. Bf7 b1=Q 68. h7 Qg1+ 69. Kf8 Qh2 70. Kg7 Qg3+ 71. Kf8 Qc3 72. Kg8 Bb3 73. Bxb3 Qxb3+ 74. Kg7 Qc3+ 75. Kg8 Qc4+ 0-1

[Event "Dhaka"]
[Site "Dhaka BAN"]
[Date "1993.??.??"]
[Round "?"]
[White "Norwood, David"]
[Black "Barua, Dibyendu"]
[Result "1-0"]
[WhiteElo "2525"]
[BlackElo "2530"]
[PlyCount "53"]
[EventDate "1993.??.??"]
[Source "www.chesslib.no"]
[SourceDate "2004.05.04"]

1. Nf3 d5 2. b3 c6 3. Bb2 Bf5 4. d3 h6 5. Nbd2 Nf6 6. g3 Nbd7 7. Bg2 e6 8. O-O Bc5 9. e4 dxe4 10. dxe4 Nxe4 11. Nxe4 Bxe4 12. Bxg7 Rg8 13. Bxh6 Qf6 14. Bf4 Qc3 15. Ne5 Nxe5 16. Bxe4 Ng4 17. Kg2 Qh8 18. h3 Rd8 19. Qe1 Nf6 20. Bf3 Qh7 21. Rd1 Qxc2 22. Rxd8+ Kxd8 23. b4 Bb6 24. Qe5 Nd7 25. Qd6 Qb2 26. Bh5 Rg7 27. Rd1 1-0

[Event "Petrosian Memorial"]
[Site "Erevan ARM"]
[Date "1994.??.??"]
[Round "?"]
[White "Taimanov, Mark E"]
[Black "Anastasian, Ashot"]
[Result "0-1"]
[WhiteElo "2505"]
[BlackElo "2545"]
[PlyCount "69"]
[EventDate "1994.??.??"]
[Source "www.chesslib.no"]
[SourceDate "2004.05.04"]

1. Nf3 d5 2. b3 Bg4 3. e3 e6 4. Bb2 Nf6 5. h3 Bh5 6. Be2 Nbd7 7. d4 Be7 8. Nbd2 O-O 9. O-O c6 10. Ne5 Bxe2 11. Qxe2 a5 12. a4 Nxe5 13. dxe5 Nd7 14. e4 Nc5 15. Rad1 Qc7 16. f4 Nxa4 17. Ba1 Nc5 18. f5 Nxe4 19. Nxe4 dxe4 20. Kh1 exf5 21. Rxf5 Rad8 22. Rdf1 Qd7 23. Qxe4 Qe6 24. c4 b5 25. R5f3 bxc4 26. bxc4 Rd2 27. Bc3 Ra2 28. Rg3 Ra3 29. Rf4 a4 30. Kh2 Rb3 31. Rfg4 g6 32. h4 a3 33. h5 Rxc3 34. Rxc3 a2 35. Rc1 0-1

[Event "Memorial T.Petrosian"]
[Site "Erevan ARM"]
[Date "1986.??.??"]
[Round "?"]
[White "Taimanov, Mark E"]
[Black "Lputian, Smbat G"]
[Result "1/2-1/2"]
[WhiteElo "2500"]
[BlackElo "2545"]
[PlyCount "73"]
[EventDate "1986.??.??"]
[Source "www.chesslib.no"]
[SourceDate "2004.05.04"]

1. Nf3 d5 2. b3 Bg4 3. e3 Nf6 4. Bb2 e6 5. h3 Bh5 6. Be2 Bd6 7. g4 Bg6 8. g5 Ne4 9. h4 Rg8 10. d3 Nc5 11. Nc3 Nc6 12. Nb5 Be7 13. Nbd4 Nxd4 14. Nxd4 Qd7 15. Bg4 O-O-O 16. Qf3 Rgf8 17. O-O-O f6 18. gxf6 gxf6 19. Bh3 f5 20. h5 Bf7 21. Rdg1 Rg8 22. Bf1 Qe8 23. Be2 Nd7 24. Rxg8 Qxg8 25. Qh3 Bf6 26. Nf3 Qg7 27. Bxf6 Qxf6 28. d4 Rg8 29. Qh2 h6 30. Bb5 c6 31. Be2 f4 32. Qxf4 Qxf4 33. exf4 Rg4 34. Rh4 Rg2 35. Ne5 Nxe5 36. fxe5 Rxf2 37. Kd2 1/2-1/2

[Event "BL2-O 9899"]
[Site "?"]
[Date "1998.10.18"]
[Round "1.1"]
[White "Espig Lutz"]
[Black "Khenkin Igor"]
[Result "1/2-1/2"]
[WhiteElo "2440"]
[BlackElo "2600"]
[PlyCount "53"]
[EventDate "1998.??.??"]
[Source "www.chesslib.no"]
[SourceDate "2004.05.04"]

1. Nf3 d5 2. b3 Bg4 3. Bb2 Nd7 4. g3 Bxf3 5. exf3 e6 6. Bg2 Ngf6 7. O-O g6 8. f4 Bg7 9. d3 O-O 10. Nd2 Ne8 11. d4 Nd6 12. Nf3 c5 13. Ne5 Rc8 14. Rc1 b5 15. c3 a5 16. Qe2 Re8 17. Ba3 b4 18. dxc5 bxa3 19. cxd6 Nb6 20. Qb5 Qxd6 21. Qxa5 Rc7 22. c4 dxc4 23. bxc4 Rec8 24. c5 Rxc5 25. Qxa3 Bxe5 26. fxe5 Qxe5 27. Rxc5 1/2-1/2

[Event "Bern Open"]
[Site "Bern SUI"]
[Date "1994.??.??"]
[Round "8"]
[White "Gausel, Einar"]
[Black "Razuvaev, Yuri S"]
[Result "1/2-1/2"]
[WhiteElo "2485"]
[BlackElo "2555"]
[PlyCount "34"]
[EventDate "1994.02.??"]
[Source "www.chesslib.no"]
[SourceDate "2004.05.04"]

1. Nf3 d5 2. b3 Bg4 3. Bb2 Nd7 4. c4 e6 5. e3 Ngf6 6. Be2 c6 7. O-O Bd6 8. cxd5 cxd5 9. Nd4 Bxe2 10. Qxe2 O-O 11. d3 a6 12. Nd2 Re8 13. f4 Rc8 14. N2f3 Qa5 15. Rac1 Ba3 16. h3 Bxb2 17. Qxb2 h6 1/2-1/2

[Event "EUCup final"]
[Site "Solingen"]
[Date "1976.??.??"]
[Round "?"]
[White "Hecht, Hans Joachim"]
[Black "Taimanov, Mark E"]
[Result "1/2-1/2"]
[WhiteElo "2495"]
[BlackElo "2540"]
[PlyCount "45"]
[EventDate "1976.??.??"]
[Source "ChessBase"]

1. Nf3 d5 2. b3 Bg4 3. Bb2 Nd7 4. c4 e6 5. e3 Ngf6 6. Be2 c6 7. O-O Bd6 8. Nc3 a6 9. cxd5 cxd5 10. Nd4 Bxe2 11. Qxe2 O-O 12. f4 Qe7 13. Rac1 Ba3 14. Bxa3 Qxa3 15. Rc2 Rfc8 16. d3 Rc7 17. Rfc1 Rac8 18. Qd2 g6 19. Nd1 Rxc2 20. Rxc2 Rxc2 21. Qxc2 Qc5 22. Qxc5 Nxc5 23. Nf2 1/2-1/2

[Event "Kuopio op1"]
[Site "Kuopio"]
[Date "1995.??.??"]
[Round "?"]
[White "Bagirov, Vladimir K"]
[Black "Kuporosov, Viktor"]
[Result "1/2-1/2"]
[WhiteElo "2530"]
[BlackElo "2500"]
[PlyCount "23"]
[EventDate "1995.??.??"]
[Source "www.chesslib.no"]
[SourceDate "2004.05.04"]

1. Nf3 d5 2. b3 Bg4 3. Bb2 Nd7 4. d4 e6 5. Nbd2 Ngf6 6. g3 Be7 7. Bg2 O-O 8. O-O c5 9. dxc5 Bxc5 10. c4 Qe7 11. cxd5 exd5 12. Bd4 1/2-1/2

[Event "Voronezh RUS"]
[Site "?"]
[Date "2006.06.14"]
[Round "3"]
[White "Chernyshov Konstantin"]
[Black "Popov Ivan"]
[Result "1/2-1/2"]
[WhiteElo "2544"]
[BlackElo "2482"]
[PlyCount "67"]
[EventDate "2006.??.??"]
[Source "www.chesslib.no"]
[SourceDate "2004.05.04"]

1. Nf3 d5 2. b3 Bg4 3. Bb2 Nd7 4. e3 Ngf6 5. h3 Bxf3 6. Qxf3 e6 7. g4 h6 8. Qg2 Bd6 9. Nc3 c6 10. O-O-O Qe7 11. Kb1 O-O-O 12. h4 e5 13. Be2 Nc5 14. f3 d4 15. g5 hxg5 16. hxg5 Nh7 17. exd4 exd4 18. Qg4+ Ne6 19. Ne4 Nhxg5 20. Nxg5 Qxg5 21. Qxg5 Nxg5 22. Bxd4 Rxh1 23. Rxh1 Bf4 24. Bxg7 Rxd2 25. Bd1 c5 26. Rf1 Rg2 27. c3 Nh7 28. Bh8 Rg8 29. Bc2 Rxh8 30. Rh1 Be5 31. Rxh7 Rxh7 32. Bxh7 Bxc3 33. Bg8 f6 34. a4 1/2-1/2

[Event "DSV-Turnier"]
[Site "Halle GER"]
[Date "1978.??.??"]
[Round "4"]
[White "Boensch, Uwe"]
[Black "Malich, Burkhard"]
[Result "1/2-1/2"]
[WhiteElo "2490"]
[BlackElo "2535"]
[PlyCount "62"]
[EventDate "1978.11.05"]
[Source "www.chesslib.no"]
[SourceDate "2004.05.04"]

1. Nf3 d5 2. b3 Nf6 3. Bb2 Bg4 4. e3 e6 5. Be2 Nbd7 6. h3 Bxf3 7. Bxf3 Bd6 8. O-O O-O 9. c4 c6 10. Nc3 Qe7 11. d3 Ba3 12. Qc1 Bxb2 13. Qxb2 Rab8 14. Rac1 Rfd8 15. Rfd1 Ne5 16. Be2 Ng6 17. d4 Ne8 18. cxd5 exd5 19. Bd3 Nd6 20. Re1 f5 21. f3 Qf6 22. Qf2 Rd7 23. b4 b5 24. a4 a6 25. axb5 axb5 26. Ra1 Nc4 27. Ra6 Ne7 28. Qg3 Rdd8 29. Bxc4 dxc4 30. Ra7 Ra8 31. Rea1 Rxa7 1/2-1/2

[Event "Komercni Banka op"]
[Site "?"]
[Date "1996.??.??"]
[Round "9"]
[White "Votava Jan"]
[Black "Gyimesi Zoltan"]
[Result "0-1"]
[WhiteElo "2545"]
[BlackElo "2480"]
[PlyCount "134"]
[EventDate "1996.??.??"]
[Source "www.chesslib.no"]
[SourceDate "2004.05.04"]

1. Nf3 d5 2. b3 Bg4 3. e3 Nd7 4. Bb2 Ngf6 5. h3 Bxf3 6. Qxf3 c6 7. d3 e6 8. Nd2 Qa5 9. a3 Bd6 10. Qe2 O-O 11. g3 Rae8 12. Bg2 Kh8 13. O-O Ng8 14. c4 f5 15. b4 Qd8 16. Nb3 Ngf6 17. b5 cxb5 18. cxd5 Nxd5 19. Nd4 Nc7 20. Bxb7 e5 21. Nb3 Qe7 22. Bg2 f4 23. Nd2 Nc5 24. Ne4 Na4 25. Bc1 Ne6 26. Kh2 Ng5 27. Qg4 Nxe4 28. Bxe4 Nc5 29. Ra2 fxg3+ 30. Kxg3 Nxd3 31. Qh4 Qxh4+ 32. Kxh4 Nc5 33. Bd5 e4 34. f4 exf3 35. Rxf3 Rxf3 36. Bxf3 Nd3 37. Bd2 Ne5 38. Bd5 Nc4 39. Bc6 Re5 40. Bb4 Rxe3 41. Bxd6 Nxd6 42. Rd2 Re6 43. Bxb5 g5+ 44. Kxg5 h6+ 45. Kh5 Nxb5 46. Rd8+ Kg7 47. Rd7+ Kf6 48. a4 Nd6 49. Rxa7 Re5+ 50. Kg4 Rg5+ 51. Kf3 Nc4 52. Ra6+ Kg7 53. Kf4 Rc5 54. Kg3 Na5 55. Ra8 Kg6 56. Rg8+ Kh5 57. Rg4 Rc3+ 58. Kh2 Nc6 59. Re4 Rc5 60. Kg3 Ne5 61. Rb4 Rc3+ 62. Kg2 Kg5 63. Rb8 Ra3 64. Ra8 h5 65. a5 Ra2+ 66. Kf1 Kh4 67. a6 Nc6 0-1

[Event "Leningrad m"]
[Site "Leningrad RUS"]
[Date "1989.??.??"]
[Round "?"]
[White "Taimanov, Mark E"]
[Black "Smagin, Sergey B"]
[Result "0-1"]
[WhiteElo "2480"]
[BlackElo "2540"]
[PlyCount "98"]
[EventDate "1989.??.??"]
[Source "www.chesslib.no"]
[SourceDate "2004.05.04"]

1. Nf3 d5 2. b3 Bg4 3. e3 Nd7 4. Bb2 c6 5. h3 Bh5 6. Be2 e6 7. d3 f6 8. Nbd2 Bd6 9. c4 Bf7 10. O-O Ne7 11. d4 O-O 12. a3 Rc8 13. b4 Ng6 14. b5 e5 15. dxe5 fxe5 16. bxc6 bxc6 17. Rc1 Qe7 18. Qc2 Rb8 19. Rfd1 Be6 20. cxd5 cxd5 21. Nf1 e4 22. N3h2 Nge5 23. Bxe5 Nxe5 24. f4 Bxa3 25. Qc7 Ng6 26. Rc6 Qxc7 27. Rxc7 a5 28. Bg4 Bf7 29. Ng3 Ne7 30. Nf5 Nxf5 31. Bxf5 Bb2 32. Bd7 d4 33. exd4 Rb4 34. Ng4 Bxd4+ 35. Kh2 e3 36. Ne5 Bb3 37. Rb1 Bd5 38. Rbc1 Rb2 39. Bc6 Rxg2+ 40. Kh1 Bxc6 41. Nxc6 Rd2 42. Ne7+ Kf7 43. Nf5+ Kg6 44. Nxg7 Bxg7 45. Rg1+ Kf6 46. Rc6+ Kf5 47. Rxg7 e2 48. Rg5+ Kxf4 49. Rg4+ Ke5 0-1

[Event "Cappelle Open"]
[Site "Cappelle la Grande FRA"]
[Date "1994.??.??"]
[Round "7"]
[White "Donchev, Dimitar I"]
[Black "Savchenko, Stanislav"]
[Result "1-0"]
[WhiteElo "2480"]
[BlackElo "2540"]
[PlyCount "65"]
[EventDate "1994.02.??"]
[Source "www.chesslib.no"]
[SourceDate "2004.05.04"]

1. Nf3 d5 2. b3 Bg4 3. e3 Nd7 4. Bb2 Ngf6 5. Be2 e6 6. c4 c6 7. Nc3 a6 8. O-O Bd6 9. Nd4 Bxe2 10. Qxe2 O-O 11. cxd5 cxd5 12. f4 Qe7 13. Rae1 Rac8 14. Rf3 b5 15. Rh3 Nc5 16. b4 Nce4 17. Nxe4 dxe4 18. g4 g6 19. g5 Nd5 20. Qg4 h5 21. gxh6 Kh7 22. a3 f5 23. Qg2 Rg8 24. Kh1 g5 25. fxg5 Rxg5 26. Qxg5 Qxg5 27. Nxe6 Qg4 28. Rg1 Qxh3 29. Ng5+ Kxh6 30. Nxh3 Rc2 31. Ng5 Bxh2 32. Nf7+ Kh5 33. Kxh2 1-0

[Event "Moscow RUS"]
[Site "Moscow RUS"]
[Date "1986.??.??"]
[Round "?"]
[White "Taimanov, Mark E"]
[Black "Balashov, Yuri S"]
[Result "1/2-1/2"]
[WhiteElo "2500"]
[BlackElo "2515"]
[PlyCount "50"]
[EventDate "1986.??.??"]
[Source "www.chesslib.no"]
[SourceDate "2004.05.04"]

1. Nf3 d5 2. b3 c5 3. e3 a6 4. Bb2 Nc6 5. Be2 Nf6 6. O-O Bg4 7. c4 e6 8. cxd5 Nxd5 9. d4 Nf6 10. Ne5 Bxe2 11. Qxe2 Rc8 12. Rd1 cxd4 13. Nxc6 Rxc6 14. Bxd4 Qc7 15. Nd2 Be7 16. Nc4 O-O 17. Be5 Qc8 18. h3 Nd7 19. Bb2 Bf6 20. Rac1 Bxb2 21. Qxb2 Qc7 22. Na5 Rxc1 23. Qxc1 Rc8 24. Qd2 Nf6 25. Nc4 h6 1/2-1/2

[Event "Jonsson Mem Open, Reykjavik ISL"]
[Site "?"]
[Date "2001.??.??"]
[Round "6"]
[White "Nyback, T."]
[Black "Stefansson, H."]
[Result "0-1"]
[WhiteElo "2430"]
[BlackElo "2575"]
[PlyCount "52"]
[EventDate "2001.??.??"]
[Source "www.chesslib.no"]
[SourceDate "2004.05.04"]

1. Nf3 d5 2. b3 c6 3. Bb2 Bg4 4. e3 Nd7 5. Be2 Ngf6 6. d3 e6 7. Nbd2 Bd6 8. h3 Bxf3 9. Bxf3 O-O 10. O-O e5 11. c4 Qe7 12. Qc2 Rfe8 13. Rfd1 a5 14. Rac1 Nf8 15. cxd5 cxd5 16. Nb1 Ng6 17. Nc3 Qe6 18. Nb5 Rac8 19. Qd2 Bb4 20. Bc3 Qe7 21. a4 Rc6 22. Bxb4 axb4 23. Rc2 Nh4 24. Be2 Ra8 25. Rdc1 Raa6 26. Nc7 Qxc7 0-1

[Event "Las Palmas Interzonal"]
[Site "Las Palmas"]
[Date "1982.??.??"]
[Round "5"]
[White "Karlsson, Lars"]
[Black "Sunye Neto, Jaime"]
[Result "1/2-1/2"]
[WhiteElo "2505"]
[BlackElo "2500"]
[PlyCount "39"]
[EventDate "1982.07.??"]
[Source "ChessBase"]

1. Nf3 d5 2. b3 Bg4 3. Bb2 Nf6 4. e3 e6 5. h3 Bxf3 6. Qxf3 Nbd7 7. g3 Bd6 8. Bg2 O-O 9. O-O b5 10. Qe2 c6 11. d3 Qb6 12. Nd2 a5 13. a3 Rfe8 14. e4 Be5 15. Bxe5 Nxe5 16. Kh2 Ng6 17. f4 dxe4 18. Bxe4 Nd7 19. Qf2 Qxf2+ 20. Rxf2 1/2-1/2

[Event "It"]
[Site "Pancevo"]
[Date "2003.06.21"]
[Round "2"]
[White "Lazic, Miroljub"]
[Black "Stanojoski, Zvonko"]
[Result "1-0"]
[WhiteElo "2508"]
[BlackElo "2497"]
[PlyCount "117"]
[EventDate "2003.06.20"]
[Source "Roberto Alvarez"]
[SourceDate "2003.07.07"]

1. Nf3 d5 2. b3 Nf6 3. Bb2 e6 4. e3 Nbd7 5. c4 c6 6. d4 Bd6 7. Nbd2 O-O 8. Bd3 Qe7 9. Ne5 dxc4 10. Ndxc4 Bb4+ 11. Kf1 Rd8 12. Qc2 Nf8 13. a3 Bd6 14. Nxd6 Qxd6 15. Ke2 Nd5 16. Rhd1 f6 17. Nc4 Qc7 18. g3 Qf7 19. Kf1 b6 20. e4 Ne7 21. Kg1 Bb7 22. a4 Neg6 23. a5 Qc7 24. a6 Bc8 25. e5 f5 26. Nd6 Rxd6 27. exd6 Qxd6 28. Ba3 Qd5 29. Rac1 Bd7 30. Bc4 Qf3 31. Be2 Qd5 32. Qc3 f4 33. Bf3 Qg5 34. Bd6 fxg3 35. hxg3 Rc8 36. b4 Ne7 37. Qd2 Qf6 38. Qf4 Nf5 39. Bxf8 Qxf8 40. b5 cxb5 41. Rxc8 Bxc8 42. d5 e5 43. Qxe5 Nd6 44. Bg2 Qf6 45. Qxf6 gxf6 46. Rc1 Kf8 47. Rc6 Ke7 48. Rc7+ Kd8 49. Rxa7 b4 50. Bf1 b3 51. Rxh7 b2 52. a7 b1=Q 53. Rh8+ Ke7 54. a8=Q Qc2 55. Qa7+ Bb7 56. Qxb6 Bxd5 57. Qd8+ Ke6 58. Bh3+ Ke5 59. Qe7+ 1-0

[Event "Open"]
[Site "?"]
[Date "1999.03.12"]
[Round "3"]
[White "Czebe Attila"]
[Black "Tukmakov Vladimir B"]
[Result "1/2-1/2"]
[WhiteElo "2420"]
[BlackElo "2581"]
[PlyCount "83"]
[EventDate "1999.??.??"]
[Source "www.chesslib.no"]
[SourceDate "2004.05.04"]

1. Nf3 d5 2. b3 c5 3. Bb2 f6 4. e4 dxe4 5. Nh4 Nh6 6. Nc3 Bg4 7. Be2 Qd7 8. Nxe4 e5 9. Bxg4 Qxg4 10. Qxg4 Nxg4 11. Nf5 Nd7 12. Ned6+ Bxd6 13. Nxd6+ Ke7 14. Nxb7 a5 15. Bc3 a4 16. Na5 Nb6 17. Nc4 Nd5 18. Bb2 Nb4 19. Na3 axb3 20. axb3 Rxa3 21. Rxa3 Nxc2+ 22. Ke2 Nxa3 23. Bxa3 Kd6 24. Rc1 Rc8 25. Rc4 Nh6 26. b4 Ra8 27. bxc5+ Kd5 28. Rc3 Nf5 29. c6 Nd4+ 30. Ke3 Ke6 31. c7 Rc8 32. Rc5 Kd7 33. f4 Rxc7 34. Rxc7+ Kxc7 35. Ke4 Nc6 36. f5 Kd7 37. g4 Ke8 38. Kd5 Nd8 39. Bc5 Nf7 40. Be3 Kd7 41. d3 h5 42. h3 1/2-1/2